000 01446nam a22003857a 4500
003 CHAP
005 20220329141035.0
008 971013s1996 r 00010 d
010 _a61713
011 _a62685
035 _a66860
040 _cCHAP
090 _aTesis
100 0 0 _aSolís Chávez, Laura Eugenia.
_9108431
245 _aTransformaciones en la tenencia de la tierra y cambios territoriales
_b: integración y conflicto en el Valle de Teripetío, Michoacán
260 _aChapingo, Méx. :
_bEl autor,
_c1996
300 _a233 p.
_b; anexo
502 _aTesis (M. C. en Desarrollo Rural Regional) -- UACH. Departamento de Sociología Rural
590 _aALEPH
_b10
_c20130110
_lUCH01
_h1343
590 _aBATCH-UPD
_b10
_c20130110
_lUCH01
_h0512
590 _aBATCH-UPD
_b10
_c20130110
_lUCH01
_h2255
590 _aBATCH-UPD
_b10
_c20130410
_lUCH01
_h0150
590 _aBATCH-UPD
_b10
_c20130410
_lUCH01
_h1549
590 _aBATCH-UPD
_b10
_c20130914
_lUCH01
_h1816
590 _aCONVERSION
_b10
_c20130109
_lUCH01
_h1333
650 1 4 _aHaciendas
_xMichoacán.
_952163
650 1 4 _aMichoacán
_xCondiciones rurales.
_975447
650 1 4 _aReforma agraria
_xMichoacán.
_995571
650 1 4 _aTierras
_xTenencia
_xHistoria.
_9113171
650 1 4 _aTierras
_xTenencia
_xMichoacán.
_9113180
901 _aBK
942 _cFOLL
949 _bBC
_cTES
_d-152100
_eTS1
_h30715
_i66860
_si
949 _bBC
_cTES
_d33724000625547
_eTS2
_fc.2
_h30716
_i66860
_si
999 _c61713
_d61713